MDQL
is popping MORE tags! Check the
thread
!
Quizzes
Events
Quiz Creation
Community
Videos
Private Events
Remove Ads
Sign In
Join for FREE
Feedback
Dark Mode
Quiz Categories
Sports
Geography
Music
Movies
Television
Just For Fun
Miscellaneous
History
Literature
Language
Science
Gaming
Entertainment
Religion
Holiday
For Kids
Quiz Lab
Recent
Popular Today
Quiz Kudos Today
Editor Picks
Curator Picks
Quizzes by...
Day
Popularity
Type
Ratings
Length
Year
Community
Subscriptions
Recent Discussions
Orange Saloon
Badges
Playlists
Quests
Create
Leaderboards
Showdown
Live 5
Trivia Bingo
Activity
Puzzle Library
Sporcle Events
Private Events
Virtual Trivia
Globe League
Become a Host
Pub Owners
SporcleCon
Opinionation
Our Games
Videos
Blog
Mobile Apps
Partnerships
Remove Ads and Go Orange
Feedback
Television
TV Characters
TV Show
Sitcom
Network
Friends
Reality Shows
Cast
South Park
Star Trek
The Simpsons
Doctor Who
Television
TV Characters
TV Show
Sitcom
Network
Friends
Reality Shows
Cast
South Park
Star Trek
The Simpsons
Doctor Who
Random Quiz
Search Sporcle
×
Quiz Lab
Quiz Lab
Television
Suffix
Type in answers that appear in a list
Type in answers that appear in a list
Classic
Best Score? Go Orange.
The Big Bang Theory Episode Title Suffixes Stats
Can you name the Big Bang Theory episode suffixes?
By
chrisjw27
12m
133 Questions
167 Plays
167 Plays
167 Plays
Comments
Comments
Give Quiz Kudos
Give Quiz Kudos
-
- Ratings
hide this ad
Replay
Link that replays current quiz
Next Quiz
Link to next quiz in quiz playlist
You Got
0%
They Got
Avg Score
56%
Avg Friend Score
Upgrade to see
Score Distribution
Jump to the score distribution portion of the page
Score
0/133
Timer
12:00
0
Plays Today
Title
Suffix
% Correct
The Big Bran _
_
_
_
_
_
Hypothesis
91.6%
The Bath Item Gift _
_
_
_
_
_
Hypothesis
91.6%
The Alien Parasite _
_
_
_
_
_
Hypothesis
91.6%
The Infestation _
_
_
_
_
_
Hypothesis
91.6%
The Recombination _
_
_
_
_
_
Hypothesis
91.6%
The Grasshopper _
_
_
_
_
_
Experiment
83.2%
The Gorilla _
_
_
_
_
Experiment
83.2%
The Middle-
Earth _
_
_
_
_
_
Paradigm
79.6%
The Bad Fish _
_
_
_
_
_
Paradigm
79.6%
The Fuzzy Boots _
_
_
_
_
_
Corollary
76.6%
The Creepy Candy Coating _
_
_
_
_
_
Corollary
76.6%
Pilot
75.4%
The Tangerine _
_
_
_
_
_
Factor
75.4%
The Benefactor _
_
_
_
_
_
Factor
75.4%
The Cooper-
Nowitzki _
_
_
_
_
_
Theorem
74.3%
The Bat Jar _
_
_
_
_
_
Conjecture
73.1%
The Peanut _
_
_
_
_
_
Reaction
73.1%
The Jiminy _
_
_
_
_
_
Conjecture
73.1%
The Bozeman _
_
_
_
_
_
Reaction
73.1%
The Engagement _
_
_
_
_
_
Reaction
73.1%
The Russian Rocket _
_
_
_
_
_
Reaction
73.1%
The Hamburger _
_
_
_
_
_
Postulate
72.5%
The Gothowitz _
_
_
_
_
_
Deviation
71.9%
The Hot Troll _
_
_
_
_
_
Deviation
71.9%
The Spaghetti _
_
_
_
_
_
Catalyst
70.7%
The Thespian _
_
_
_
_
_
Catalyst
70.7%
The Wiggly Finger _
_
_
_
_
_
Catalyst
70.7%
The Euclid _
_
_
_
_
_
Alternative
70.1%
The Pants _
_
_
_
_
_
Alternative
70.1%
The Closure
Alternative
70.1%
The Luminous Fish _
_
_
_
_
_
Effect
68.9%
The Cornhusker _
_
_
_
_
_
Vortex
68.9%
The Psychic _
_
_
_
_
_
Vortex
68.9%
The Weekend _
_
_
_
_
_
Vortex
68.9%
The Dumpling _
_
_
_
_
_
Paradox
67.7%
The Friendship _
_
_
_
_
_
Algorithm
67.7%
The Monopolar _
_
_
_
_
_
Expedition
67.7%
The Bakersfield _
_
_
_
_
_
Expedition
67.7%
The Loobenfeld _
_
_
_
_
_
Decay
67.1%
The Guitarist _
_
_
_
_
_
Amplification
66.5%
The Cruciferous Vegetable _
_
_
_
_
_
Amplification
66.5%
The Jerusalem _
_
_
_
_
_
Duality
65.9%
The Lunar _
_
_
_
_
_
Excitation
65.9%
The 21-
Second _
_
_
_
_
_
Excitation
65.9%
The Hawking _
_
_
_
_
_
Excitation
65.9%
Title
Suffix
% Correct
The Holographic _
_
_
_
_
_
Excitation
65.9%
The Large Hadron _
_
_
_
_
_
Collision
63.5%
The Griffin _
_
_
_
_
_
Equivalency
62.9%
The Adhesive Duck _
_
_
_
_
_
Deficiency
62.9%
The Egg Salad _
_
_
_
_
_
Equivalency
62.9%
The Vengeance _
_
_
_
_
_
Formulation
62.3%
The Irish Pub _
_
_
_
_
_
Formulation
62.3%
The Cohabitation _
_
_
_
_
_
Formulation
62.3%
The Codpiece _
_
_
_
_
_
Topology
61.1%
The Electric Can Opener _
_
_
_
_
_
Fluctuation
59.9%
The Wheaton _
_
_
_
_
_
Recurrence
59.9%
The Good Guy _
_
_
_
_
_
Fluctuation
59.9%
The Speckerman _
_
_
_
_
_
Recurrence
59.9%
The Decoupling _
_
_
_
_
_
Fluctuation
59.9%
The Maternal _
_
_
_
_
_
Congruence
59.3%
The Love Car _
_
_
_
_
_
Displacement
59.3%
The Fish Guts _
_
_
_
_
_
Displacement
59.3%
The Einstein _
_
_
_
_
_
Approximation
58.7%
The Prestidigitation _
_
_
_
_
_
Approximation
58.7%
The Precious _
_
_
_
_
_
Fragmentation
58.1%
The Pancake Batter _
_
_
_
_
_
Anomaly
57.5%
The Apology _
_
_
_
_
_
Insufficiency
57.5%
The Cushion _
_
_
_
_
_
Saturation
56.9%
The Zazzy _
_
_
_
_
_
Substitution
56.9%
The Cooper-
Hofstader _
_
_
_
_
_
Polarization
56.3%
The Nerdvana _
_
_
_
_
_
Annihilation
56.3%
The Panty Pinata _
_
_
_
_
_
Polarization
56.3%
The Dead Hooker _
_
_
_
_
_
Juxtaposition
56.3%
The Vartabedian _
_
_
_
_
_
Conundrum
53.3%
The Lizard-
Spock _
_
_
_
_
_
Expansion
52.7%
The Terminator _
_
_
_
_
_
Decoupling
52.7%
The Pirate _
_
_
_
_
_
Solution
52.7%
The Vacation _
_
_
_
_
_
Solution
52.7%
The Staircase _
_
_
_
_
_
Implementation
52.1%
The Wildebeest _
_
_
_
_
_
Implementation
52.1%
The Shiny Trinket _
_
_
_
_
_
Maneuver
52.1%
The Contractual Oligation _
_
_
_
_
_
Implementation
52.1%
The Stag _
_
_
_
_
_
Convergence
51.5%
The Work Song _
_
_
_
_
_
Nanocluster
50.9%
The Classified Materials _
_
_
_
_
_
Turbulence
50.3%
The Plimpton _
_
_
_
_
_
Stimulation
50.3%
The Tenure
Turbulence
50.3%
The Excelsior _
_
_
_
_
_
Acquisition
49.7%
The Flaming Spittoon _
_
_
_
_
_
Acquisition
49.7%
The Hofstadter _
_
_
_
_
_
Isotope
49.1%
Title
Suffix
% Correct
The Killer Robot _
_
_
_
_
_
Instability
48.5%
The Launch _
_
_
_
_
_
Acceleration
48.5%
The Financial _
_
_
_
_
_
Permeability
47.9%
The Vegas _
_
_
_
_
_
Renormalization
47.9%
The Justice League _
_
_
_
_
_
Recombination
47.9%
The White Asparagus _
_
_
_
_
_
Triangulation
46.7%
The Zarnecki _
_
_
_
_
_
Incursion
46.1%
The Desperation _
_
_
_
_
_
Emanation
44.9%
The Agreement _
_
_
_
_
_
Dissection
44.9%
The Santa _
_
_
_
_
_
Simulation
44.9%
The Robotic _
_
_
_
_
_
Manipulation
43.7%
The Ornithophobia _
_
_
_
_
_
Diffusion
43.7%
The Herb Garden _
_
_
_
_
_
Germination
43.1%
The Beta Test _
_
_
_
_
_
Initiation
43.1%
The Boyfriend _
_
_
_
_
_
Complexity
42.5%
The Bus Pants _
_
_
_
_
_
Utilization
42.5%
The Toast _
_
_
_
_
_
Derivation
42.5%
The Roommate _
_
_
_
_
_
Transmogrification
42.5%
The Transporter _
_
_
_
_
_
Malfunction
42.5%
The Date Night _
_
_
_
_
_
Variable
42.5%
The Maternal _
_
_
_
_
_
Capacitance
41.9%
The Rhinitis _
_
_
_
_
_
Revelation
41.3%
The Cooper/
Kripke _
_
_
_
_
_
Inversion
41.3%
The Skank Reflex _
_
_
_
_
_
Analysis
40.1%
The Pulled Groin _
_
_
_
_
_
Extrapolation
39.5%
The Werewolf _
_
_
_
_
_
Transformation
39.5%
The Shiksa _
_
_
_
_
_
Indeterminacy
38.9%
The Rothman _
_
_
_
_
_
Disintegration
38.3%
The Isolation _
_
_
_
_
_
Permutation
36.5%
The Parking Spot _
_
_
_
_
_
Escalation
35.3%
The Re-
Entry _
_
_
_
_
_
Minimization
33.5%
The 43 _
_
_
_
_
_
Peculiarity
33.5%
The Tangible Affection _
_
_
_
_
_
Proof
33.5%
The Closet
Reconfiguration
32.3%
The Barbarian _
_
_
_
_
_
Sublimination
31.7%
The Countdown _
_
_
_
_
_
Reflection
31.1%
The Habitation _
_
_
_
_
_
Configuration
29.9%
The Friendship _
_
_
_
_
_
Contraction
28.1%
The Proton
Resurgence
28.1%
The Spoiler Alert _
_
_
_
_
_
Segmentation
27.5%
The Monster _
_
_
_
_
_
Isolation
26.3%
The Extract _
_
_
_
_
_
Obliteration
23.4%
The Higgs Boson _
_
_
_
_
_
Observation
22.8%
Quiz Playlist
Details
Report
Send in Message
Add To Playlist
Classic:
Type in answers that appear in a list
Last Updated: Feb 16, 2017
Quiz Scoreboard
CHALLENGE
Sign Up to Join the Scoreboard
Show All
Scores
Hide
Comments
May contain spoilers
Recently Published
Colored Red Africa Blitz
by spor1
Geography
30s
Find the 'City' Movie
by crazypaving
Movies
60s
5x2 Blitz: Bands
by SL_Kpop136
Music
30s
More to Explore
Quiz From the Vault
Featured Blog Post
14 Easter Pick-up Lines to Find Eggs With
hide this ad
You Might Also Like...
Tags
episode
name
Suffix
The Big Bang Theory
Today's Top Quizzes in Television
Browse Television
hide this ad
Today's Top Quizzes in Suffix
Browse Suffix
Top Contributed Quizzes in Television
1
Survivor Journey Challenge
2
Brooklyn Nine Nine Logic Puzzle (How-To-Play)
3
Total Drama Characters
4
Phoebe Buffay Quotes
5
Survivor Heroes vs. Villains Logic Puzzle
6
Adjectives in 00s TV Shows
7
Survivor Trivia
8
Game of Thrones: Tywin Lannister Start to Finish
9
Emmerdale Characters (from August 2012)
10
Survivor Logic Puzzle: Heroes vs. Villains
Explore More
Trending Topics
Harry Potter
Kpop
NBA
Crossword
Marvel
Disney
Anime
Pokémon
WWE
Song
Puzzle
The Office
NFL
Country
Soccer
hide this ad
More By:
chrisjw27
Quiz
Plays
Rating
Category
Featured
Created
The Big Bang Theory Episode Title Suffixes
167
5.00
Television
Apr 5, 2013
Go to Creator's Profile
Score Distribution
Quiz Creator Spotlight
chrisjw27
Follow
Send a Message
Quizzes Created
-
Created Quiz Play Count
-
More By This Creator
Popular Quizzes Today
1
Colored Red Africa Blitz
2
Find the US States - No Outlines Minefield
3
Find the 'City' Movie
4
5x2 Blitz: Bands
5
The Countries of the World
6
Find the US States
7
Find the Countries of Europe - No Outlines Minefield
8
US States
More Television Quizzes
1950's TV: Missing Letter Thanksgiving
Quiz Lab
Trending Quizzes
Colored Red Europe Blitz I
Colored Red Europe Blitz II
Colored Red Africa Blitz II
Colored Red Europe Blitz III
Colored Red Africa Blitz III
Recently Updated
How Do You Spell That?
pecheneg
Godzilla Movies
pecheneg
Grab Bag: 4-10 Letters
pecheneg
2024 March Madness Bracket
pecheneg
Famous TV Couples
Peacemaker
Champions League XIs: Real Madrid
pecheneg
Largest US Cities 1790-2010
pecheneg
Rides in Walt Disney World
pecheneg
Most Oscar Losses (Acting)
pecheneg
Beyoncé Albums
pecheneg
Trending Topics
Anime
Kpop
Harry Potter
Marvel
Disney
NBA
Crossword
Puzzle
The Office
Soccer
NFL
Song
WWE
Pokémon
Country
Your Account Isn't Verified!
In order to create a playlist on Sporcle, you need to verify the email address you used during registration. Go to your
Sporcle Settings
to finish the process.
Report this User
Report this user for behavior that violates our
Community Guidelines
.
Details:
Send Report
Go to the Sporcle.com Mobile Site →
Comments